000 00414nam a2200169Ia 4500
001 6600
003 IN-NITTTR
005 20251114233020.0
008 251113s9999||||xx |||||||||||||| ||eng||
040 _beng
040 _cIN-NITTTR
041 _aeng
082 _a330.124 I2D
100 _aIndia. Planning Commission,
245 0 _aDraft five year plan 1974- 79. /
_cIndia. Planning Commission
942 _2ddc
_cBK
999 _c9238
_d9238